| 000 | 00804nam a2200253Ia 4500 | ||
|---|---|---|---|
| 003 | OSt | ||
| 005 | 20220923211011.0 | ||
| 006 | a|||||r|||| 00| 0 | ||
| 007 | ta | ||
| 008 | 220922b |||||||| |||| 00| 0 hin d | ||
| 020 | _a817055151X (hbk) | ||
| 024 | _a193,371 | ||
| 037 | _cTextual | ||
| 040 |
_aARTS _cARTS _bhin |
||
| 041 |
_2hin _ahin |
||
| 082 | _aO152,1N112:g, M8;N8 | ||
| 100 |
_aअरगड़े, रंजना _9157006 |
||
| 245 | 0 | _aकवियों का कवि शमशेर | |
| 246 | _aKaviyoan kā kavi shamashera | ||
| 260 |
_aनयी दिल्ली _b वाणी प्रकाशन _c1998 |
||
| 300 |
_a241पृ. _ccm. |
||
| 942 |
_hO152,1N112:g, M8;N8 _cTEXL _2CC |
||
| 999 |
_c293727 _d293727 |
||